Statistics for Which Came First? Board Games Edition

Click here to take the quiz!

General Stats

  • This quiz has been taken 27 times
  • The average score is 9 of 15

Answer Stats

QuestionAnswer% Correct
Which came first?Backgammon
86%
Which came first?Monopoly
82%
Which came first?Scrabble
82%
Which came first?Yahtzee
82%
Which came first?Cranium
68%
Which came first?Card Against Humanity
64%
Which came first?Clue
64%
Which came first?Candy Land
59%
Which came first?Charades
55%
Which came first?Mancala
55%
Which came first?Sorry!
55%
Which came first?Twister
55%
Which came first?Stratego
41%
Which came first?THE GAME OF LIFE
41%
Which came first?Checkers
23%

Score Distribution

Percentile by Number Answered

Percent of People with Each Score

Your Score History

You have not taken this quiz